| 000 | 00843nmm a2200265 a 4500 | ||
|---|---|---|---|
| 001 | ocm0001162353 | ||
| 003 | TR-IsHL | ||
| 005 | 20201028154214.0 | ||
| 008 | 150709s2008 tu eng | ||
| 007 | cr cn | ||
| 020 | _a9789944313506 | ||
| 035 |
_a1162353 _b(N$T) |
||
| 050 | 0 | 4 |
_aQA331.77 _b.K46 2008 |
| 090 | 0 | 4 |
_aQA331.77 _b.K46 2008 |
| 100 | 1 | _aKendirli, Barış | |
| 245 | 1 | 0 |
_aComplex analysis _h[electronic resource] / _cBarış Kendirli |
| 260 |
_aİstanbul : _bYalın Yayıncılık, _c2008 |
||
| 300 | _a574 p. | ||
| 650 | 4 | _aBilgisayar | |
| 650 | 4 | _aComputer Sciences | |
| 650 | 0 | _aFunctions of complex variables | |
| 650 | 0 | _aFonksiyonlar, Kompleks değişkenli | |
| 650 | 7 |
_aMATHEMATICS / General _2bisacsh |
|
| 856 | 4 | 0 | _uhttp://search.ebscohost.com/login.aspx?direct=true&scope=site&db=e011xww&AN=1162353 |
| 999 |
_c12454 _d12454 |
||